[Event "KEN-ch"]
[Site "Nairobi"]
[Date "2022.12.28"]
[Round "6"]
[White "Mosongoh, Geoffrey Maoga"]
[Black "Ngesa, Francis"]
[Result "0-1"]
[WhiteElo "1185"]
[BlackElo "1629"]
[PlyCount "22"]
[EventDate "2022.12.26"]
[EventType "swiss"]
[EventRounds "9"]
[EventCountry "KEN"]
[SourceTitle "EXT 2024"]
[Source "ChessBase"]
[SourceDate "2023.10.10"]
[SourceVersion "1"]
[SourceVersionDate "2023.10.10"]
[SourceQuality "1"]

1. d4 d5 2. e3 e6 3. Nf3 Nf6 4. Bd3 Bd6 5. 0-0 0-0 6. c3 Re8 7. Qc2 Nbd7 8. Nh4 Nf8 9. e4 dxe4 10. Bxe4 Bxh2+ 11. Kxh2 Ng4+ 0-1